|
|
แสดงรายละเอียดบรรณานุกรม |
|
|
Brief Record
: Get Marc (ISO 2709)
: E-mail record
: |
|
|
| LEADER 00000nam 2200000uu 4500 | |||
| 001 212049 | |||
| 003 ULIBM | |||
| 008 180605s||||||||th 000 0 tha d | |||
| 020 ^a9786163070739 | |||
| 040 ^abcnkk | |||
| 041 1 ^atha | |||
| 050 4 ^aWS105^bค696จ 2559 | |||
| 100 1 ^aคูลเลน, ไคเรน | |||
| 245 10 ^aเจาะจิตวิทยาเด็ก /^cKairen Cullen เขียน ; วิมล กมลตระกูล แปล | |||
| 246 31 ^aIntroducing child psychology :^ba practical guide. | |||
| 260 ^aกรุงเทพฯ :^bมูลนิธิเด็ก,^c2559. | |||
| 300 ^a172 หน้า :^bภาพประกอบ ;^c24 ซม. | |||
| 500 ^aแปลจาก Introducing child psychology : a practical guide. | |||
| 650 0 ^aChild psychology | |||
| 650 0 ^aChild development | |||
| 650 4 ^aจิตวิทยาเด็ก | |||
| 650 4 ^aพัฒนาการของเด็ก | |||
| 700 0 ^aวิมล กมลตระกูล,^eผู้แปล | |||
| 700 1 ^aCullen, Kairen | |||
| 999 ^aใช้งานได้ทุกระบบ | |||
| คุณยังไม่ได้ล็อกอิน คุณสามารถมีกิจกรรมร่วมกับเว็บไซต์ได้ แต่ต้องล็อกอินก่อน :: |
|
| สถานะ | |||||||||
| 1. | การพยาบาล (ตำราหลัก) | WS105 ค696จ 2559 ฉ.1 | On Shelf ขอยืม | ||||||
| Note:จัดซื้อปีงบฯ 2561 | |||||||||
| 2. | การพยาบาล (ตำราหลัก) | WS105 ค696จ 2559 ฉ.2 | On Shelf ขอยืม | ||||||
| Note:จัดซื้อปีงบฯ 2561 | |||||||||
| 3. | การพยาบาล (ตำราหลัก) | WS105 ค696จ 2559 ฉ.3 | On Shelf ขอยืม | ||||||
| Note:จัดซื้อปีงบฯ 2561 | |||||||||
| 4. | การพยาบาล (ตำราหลัก) | WS105 ค696จ 2559 ฉ.4 | On Shelf ขอยืม | ||||||
| Note:จัดซื้อปีงบฯ 2561 | |||||||||
| 5. | การพยาบาล (ตำราหลัก) | WS105 ค696จ 2559 ฉ.5 | On Shelf ขอยืม | ||||||
| Note:จัดซื้อปีงบฯ 2561 | |||||||||
| [แสดง 5/5 รายการ] | |||||||||
BibComment |
| คอมเมนท์ทรัพยากรรายการนี้ |
|
|